000 00758nam a2200241Ia 4500
003 OSt
005 20220926022610.0
006 a|||||r|||| 00| 0
007 ta
008 220923b |||||||| |||| 00| 0 eng d
037 _cGeneral Book
040 _aRTL
_cRTL
_beng
041 _2eng
_aeng
082 _aX9(F943):2, L4
110 _aUnited Nations Industrial Development Organization
_9236254
245 0 _aHydrogenation of vegetable oils and the production
260 _aNew York
_bUnited Nations USA
_c1974
300 _aviii, 40p.
_ccm.
650 _aFat and Oil Industry
_9246448
700 _aUnited Nations Industrial Development Organization
_9236255
942 _hX9(F943):2, L4
_cGB
_2CC
999 _c639866
_d639866